عرض عادي
عرض مارك
- Chalker, Sylvia,
مدخل إسم شخص
001 - رقم الضبط
- حقل الضبط: 57110
003 - معرف رقم الضبط
- حقل الضبط: OSt
005 - تاريخ ووقت أخر عملية
- حقل الضبط: 20161205101401.0
008 - عناصر بيانات ثابتة الطول
- حقل تحكم ثابت الطول: 161205|| aca||aabn | a|a d
040 ## - مصدر الفهرسة
- هيئة الفهرسة الأصلية: OSt
- وكالة الكتابة: OSt
100 ## - مدخل -- أسم شخص
- إسم شخص: Chalker, Sylvia,
- مصطلح الرابط: author.
670 ## - بيانات المصدر موجوده
- الاستشهاد بالمصدر: Work cat.: (OSt)0: Chalker, Sylvia, author., The Oxford dictionary of English grammar /
